000 00688nam a2200289Ia 4500
005 20260324132000.0
008 008 260324s9999 xx 000 0 eng d
020 _a9781410612878
037 _aEBOOK
040 _aCRL
040 _beng
040 _cCRL
041 _2eng
041 _aeng
084 _qCRL
100 _aDan W. Butin
_91187587
245 0 _aTeaching Social Foundations of Education
245 0 _bContexts, Theories, and Issues
260 _bTaylor and Francis
260 _c2005
365 _a
365 _b230
856 _uhttp://www.taylorfrancis.com/books/9781410612878
942 _cEBOOK
999 _c1785230
_d1785230